Normal view
MARC view
Entry Nombre de reunión
001 - NÚMERO DE CONTROL
- campo de control: 111109
003 - IDENTIFICADOR DE NÚMERO DE CONTROL
- campo de control: mxcmmo
005 - FECHA Y HORA DE LA ÚLTIMA TRANSACCIÓN
- campo de control: 20241018031400.0
008 - ELEMENTOS DE DATO DE LONGITUD-FIJA
- campo de control de longitud fija: 241018|| aca||aabn | a|a d
040 ## - FUENTE DE CATALOGACIÓN
- Centro catalogador/agencia de origen: mxcmmo
- Centro/agencia transcriptor: mxcmmo
111 ## - ENCABEZAMIENTO--NOMBRE DE CONGRESO/REUNIÓN
- Nombre de congreso/reunión o jurisdicción como elemento de entrada: Campaña Nacional Contra el Paludismo
- Número del congreso/reunión o número de parte o sección: (1 :
- Fecha del congreso o de la firma del tratado: 1938 :
- Sede del congreso/Lugar de la reunión: Oaxaca, Oaxaca
670 ## - FUENTE DE DATOS ENCONTRADOS
- Cita de la fuente: Work cat.: (mxcmmo)62447: Campaña Nacional Contra el Paludismo Convención Regional (1 : 1938 : Oaxaca, Oaxaca, 1ra [Primera] Convención Regional para la Campaña Nacional contra el Paludismo